Client server dBase programming : (Record no. 9558)

MARC details
000 -LEADER
fixed length control field 00757nam a2200253 a 4500
001 - CONTROL NUMBER
control field 00002598
008 - FIXED-LENGTH DATA ELEMENTS--GENERAL INFORMATION
fixed length control field 110328s1994 a g 000 0 eng d
020 ## - INTERNATIONAL STANDARD BOOK NUMBER
ISBN 0201406403
040 ## - CATALOGING SOURCE
Original cataloging agency BD-DhIUB
Transcribing agency BD-DhIUB
082 04 - DEWEY DECIMAL CLASSIFICATION NUMBER
Classification number 005.758
Edition number 19
100 1# - MAIN ENTRY--PERSONAL NAME
Personal name Rinehart, Martin L.
245 00 - TITLE STATEMENT
Title Client server dBase programming :
Remainder of title building mission-critical dBase systems /
Statement of responsibility, etc Martin L. Rinehart
250 ## - EDITION STATEMENT
Edition statement 1st ed.
260 ## - PUBLICATION, DISTRIBUTION, ETC. (IMPRINT)
Place of publication, distribution, etc Reading, Mass. :
Name of publisher, distributor, etc Addison-Wesley Publishing Company,
Date of publication, distribution, etc 1994.
300 ## - PHYSICAL DESCRIPTION
Extent x, 325 p. :
Other physical details ill. ;
Dimensions 23 cm.
520 0# - SUMMARY, ETC.
Summary, etc Computer Science
556 ## - INFORMATION ABOUT DOCUMENTATION NOTE
Information about documentation note 1996-07-17
526 ## - STUDY PROGRAM INFORMATION NOTE
Department Computer Science and Engineering
650 17 - SUBJECT ADDED ENTRY--TOPICAL TERM
Topical term or geographic name as entry element Computer programming
Source of heading or term Spines
653 00 - INDEX TERM--UNCONTROLLED
Uncontrolled term Servers
653 00 - INDEX TERM--UNCONTROLLED
Uncontrolled term dBase
653 00 - INDEX TERM--UNCONTROLLED
Uncontrolled term Networks
Holdings
Withdrawn status Lost status Source of classification or shelving scheme Damaged status Not for loan Home library Current library Shelving location Date acquired Source of acquisition Full call number Barcode Date last seen Copy number Price effective from Koha item type
Withdrawn by 65th FC Meeting (2015) LOST Dewey Decimal Classification     Library, Independent University, Bangladesh (IUB) Library, Independent University, Bangladesh (IUB) General Stacks 21/04/2011   005.758 R413c 003905 18/05/2011 1 18/05/2011 Books